TMBG Trivia quiz - Statistics

General Stats
  • This quiz has been taken 102 times
    89 since last reset
  • The average score is 11 of 20
Answer Stats
Question Answer % Correct
What is the name of their answering machine that plays new songs? Dial-a-song
91%
What was their first children album No!
86%
What was their first album to receive a full backing band John Henry
78%
Which sitcom did TMBG write the theme song for? Malcolm in the Middle
78%
Where did the John's grow up? Lincoln, Ma
76%
What cartoon aired music videos for Particle Man and Istanbul (Not Constantinople) Tiny Toons Adventure
73%
What movie was TMBG originally going to make the soundtrack for? Coraline
65%
Who is in their current backing band Marty Beller
64%
What record did they sign with for their third studio album? Elektra Records
59%
Which album was released exclusively in the mp3 format? Long Tall Weekend
59%
Who is in their current backing band Danny Weinkauf
51%
Who is in their current backing band Dan Miller
50%
What band did Linnell play in before TMBG? The Mundanes
49%
What band name did they initially perform under? El Grupo De Rock and Roll
43%
What is the name of Flansburgh's custom guitar? Mojo Chessmaster
43%
What song did TMBG write for a CNN documentary about the electoral college? Who are the electors
43%
Who was the producer for TMBG from 1983-1988? Bill Krauss
35%
Which artist taught himself music theory from TMBG songs? Neil Cicierega
34%
Which company worked on graphic design for TMBG? The Chopping Block
27%
Who illustrated the cover for their self titled album? Rodney Alan Greenblat
19%
No matching quizzes found
Score Distribution
Percent of People with Each Score
Percentile by Number Answered
Your Score History
You have not taken this quiz since the last reset